000 00569 a2200253 4500
260 _aLyon
630 _a57 - Biologie
037 _b3, Achat
650 _a5 - SCIENCES EXACTES ET NATURELLES
100 _aLouisot, Pierre
700 _aGot, René
260 _bSimep Editions
245 _aCours de biochimie structurale : 5. Amino-acides peptides protéines
300 _a83 p.
650 _aBiochimie
260 _c1969
300 _b27cm
100 _lFr
037 _a6285
037 _a11535
037 _a14184
999 _c41609
_d41609